|
|
|
|
| LEADER |
01111nam a2200277 u 4500 |
| 001 |
10022549 |
| 003 |
upatras |
| 005 |
20210117205655.0 |
| 008 |
990608s1992 gr gre |
| 020 |
|
|
|a 9602210621
|
| 040 |
|
|
|a GR-PaULI
|c GR-PaULI
|
| 041 |
0 |
|
|a gre
|
| 082 |
0 |
4 |
|a 843
|
| 100 |
1 |
|
|a Pauphilet, Albert
|9 27266
|
| 245 |
1 |
0 |
|a Η αναζήτηση του Ιερού Γκράαλ
|c Albert Pauphilet; μετάφραση Κώστας Αντύπας
|
| 250 |
|
|
|a 2η έκδοση
|
| 260 |
|
|
|a Αθήνα
|b Αλεξάνδρεια
|c [χ.χ.]
|
| 300 |
|
|
|a 356 σ.
|c 21 εκ.
|
| 650 |
|
4 |
|a Γαλλική πεζογραφία
|9 2986
|
| 650 |
|
4 |
|a Γαλλικό μυθιστόρημα
|9 2484
|
| 700 |
1 |
|
|9 12129
|a Αντύπας, Κώστας,
|d 1902-1985
|4 trl
|
| 852 |
|
|
|a GR-PaULI
|b ΠΑΤΡΑ
|b ΒΚΠ
|b ΒΣ2
|k ΑΣΧΕ
|h 843 A
|m 042893
|p 025000054904
|t 1
|
| 942 |
|
|
|2 ddc
|c BK15
|
| 952 |
|
|
|0 0
|1 0
|2 ddc
|4 0
|6 843_000000000000000_PAU
|7 0
|9 187126
|a LISP
|b LISP
|c BSC
|d 2016-04-24
|i 042893
|l 2
|m 2
|o 843 PAU
|p 025000054904
|r 2019-01-24 00:00:00
|s 2018-12-13
|t 1
|w 2016-04-24
|y BK15
|
| 998 |
|
|
|c ΣΥΨΑ
|d 1999-06
|
| 999 |
|
|
|c 115418
|d 115418
|